000 01072nam a22002777a 4500
003 0
005 20251020110617.0
008 251020b xxu||||| |||| 00| 0 eng d
020 _a978-971-27-3584-4
050 _aTX 724.5.F5
_b.G85 2020
110 _aMaya Kitchen Culinary Arts Center,
_eauthor.
245 _aGuilt-free cooking :
_bhealthier recipes for guiltless indulging /
_cThe Maya Kitchen Culinary Arts Center.
260 _aMandaluyong City :
_bAnvil Publishing, Inc,
_c2020
300 _a135 pages :
_billustrations ;
_c23 cm.
500 _aIncludes a guide to choosing wisely, tips for a healthier lifestyle, acknowledgements, glossary, and recipe index.
504 _aIncludes bibliography.
650 _aCooking, Filipino
650 _aLow-calorie diet
_vRecipes.
650 _aLow-carbohydrate diet
_vRecipes.
650 _aLow-cholesterol diet
_vRecipes.
650 _aLow-fatt diet
_vRecipes.
650 _aQuick and easy cooking.
710 _aAnvil Publishing,
_epublisher.
710 _aMaya Kitchen Culinary Arts Center.
942 _2lcc
_cBK
999 _c368282
_d368282